[Event "London Open"]
[Site "London ENG"]
[Date "2001.12.15"]
[Round "2"]
[White "Arkell,K"]
[Black "Lyell,M"]
[Result "1/2-1/2"]
[WhiteElo "2457"]
[BlackElo "2180"]

1.d4 f5 2.g3 g6 3.Bg2 Bg7 4.Nf3 Nf6 5.O-O O-O 6.c4 d6 7.Nc3 Qe8 8.d5 a5 9.Nd4 Na6
10.e4 fxe4 11.Nxe4 Nxe4 12.Bxe4 Bh3 13.Bg2 Bxg2 14.Kxg2 Nc5 15.Re1 a4 16.Bg5 Qf7
17.Be3 c6 18.dxc6 Qxc4 19.cxb7 Rab8 20.b3 Qd5+ 21.Kg1 Rxb7 22.bxa4 Rb2 23.Nb3 Nd3
24.Rf1 Qf5 25.a5 Nxf2 26.Bxf2 Rxf2 27.Rb1 Rxf1+ 28.Qxf1 Qc2 29.Qd1 Qxa2 30.Qd5+ Kh8
31.Rf1 Rxf1+ 32.Kxf1 Qb1+ 33.Kg2 Qc2+ 34.Kh3 Qc8+ 35.Kg2 Qc2+ 36.Kf3 Qc3+
37.Ke2 Qc2+ 38.Nd2 Qc8 39.Qb5 Bd4 40.a6 e5 41.Qb7 Qg4+ 42.Ke1 Qg5 43.Qf7 h5
44.Kd1 h4  1/2-1/2

[Event "London Open"]
[Site "London ENG"]
[Date "2001.12.16"]
[Round "6"]
[White "Sowray,P"]
[Black "Wall,G"]
[Result "1-0"]
[WhiteElo "2310"]
[BlackElo "2366"]

1.d4 f5 2.g3 Nf6 3.Bg2 g6 4.Nf3 Bg7 5.O-O O-O 6.c4 d6 7.d5 Ne4 8.Nbd2 Nc5
9.Nb3 Nba6 10.Nbd4 Qe8 11.Be3 h6 12.Rb1 g5 13.b4 Ne4 14.Qc2 Qg6 15.Nd2 Nxd2
16.Qxd2 f4 17.gxf4 gxf4 18.Bxf4 Rxf4 19.Qxf4 Bxd4 20.Qg3 Kh7 21.Rb3 Bg4 22.e3 Bf6
23.h3 Bf5 24.Qxg6+ Bxg6 25.Rc1 Rg8 26.Kh2 Be8 27.Be4+ Kh8 28.Rg1 Rxg1 29.Kxg1 Nb8
30.Bf5 Nd7 31.Bxd7 Bxd7 32.b5 e6 33.Ra3 exd5 34.Rxa7 d4 35.exd4 Bxd4 36.Rxb7 Bb6
37.a4 Be6 38.Rb8+ Kg7 39.Ra8 Bxc4 40.a5 Bd5 41.Ra6 Bc5 42.b6 cxb6 43.axb6 Kf6
44.Ra5 Ke6 45.Rb5 Bb7 46.Rb3 Kd5 47.Rg3 Bxb6 48.Rg6 h5 49.Rg5+ Kc4 50.Rxh5 d5
51.Rh7 Bc6 52.Rh6 Kc5 53.Rh5  1-0

[Event "Christmas Open"]
[Site "Zadar CRO"]
[Date "2001.12.16"]
[Round "2"]
[White "Martinovic,S"]
[Black "Biliskov,V"]
[Result "0-1"]
[WhiteElo "2440"]
[BlackElo "2335"]

1.d4 f5 2.g3 Nf6 3.Bg2 g6 4.Nf3 Bg7 5.O-O O-O 6.c4 d6 7.b3 c6 8.Nbd2 e5 9.dxe5 Nfd7
10.Bb2 dxe5 11.Qc2 Qe7 12.a3 c5 13.Bc3 e4 14.Ne1 Nc6 15.e3 Nde5 16.Rb1 a5
17.Rd1 Be6 18.f3 Bh6 19.fxe4 Ng4 20.exf5  0-1

[Event "19th Cairnhill Open"]
[Site "Singapore SIN"]
[Date "2001.12.27"]
[Round "4"]
[White "Koh Kum Hong"]
[Black "Lim Hoon Cheng"]
[Result "1-0"]
[WhiteElo "2258"]
[BlackElo "2233"]

1.d4 f5 2.g3 Nf6 3.Bg2 g6 4.Nf3 Bg7 5.c4 O-O 6.O-O d6 7.Nc3 Qe8 8.d5 Na6
9.Nd4 Bd7 10.Rb1 c6 11.b3 h6 12.Bb2 Nc5 13.Rc1 a5 14.e3 Rc8 15.Re1 Qf7 16.Ba1 Kh8
17.Nde2 g5 18.Rf1 Ng4 19.Qd2 Qh5 20.h3 Nf6 21.f4 Qg6 22.Rcd1 Rg8 23.Qe1 Rce8
24.Qf2 Ref8 25.Qe1 Nh5 26.Kh2 Nf6 27.Nd4 Nfe4 28.Nce2 Bf6 29.Bxe4 Nxe4 30.Rg1 Qh5
31.Nxf5 Bxf5 32.g4 Bxg4 33.Rxg4 Bxa1 34.Rxa1 cxd5 35.cxd5 Nf6 36.Rg2 g4 37.Ng3 Qh4
38.Nf5 Qxh3+ 39.Kg1 Qh5 40.Nxe7 Qf7 41.Nxg8 Rxg8 42.Rc1 h5 43.Qxa5 h4  1-0

[Event "It"]
[Site "Lvov UKR"]
[Date "2001.12.28"]
[Round "11"]
[White "Sulypa,A"]
[Black "Firman,N"]
[Result "1/2-1/2"]
[WhiteElo "2513"]
[BlackElo "2494"]

1.d4 f5 2.g3 Nf6 3.Bg2 g6 4.Nf3 Bg7 5.O-O O-O 6.c4 d6 7.Nc3 Qe8 8.d5 Na6
9.Be3 c5 10.Qd2 Nc7 11.a4 Na6 12.Bh6 Nb4 13.Rae1 Ne4 14.Qc1 e5 15.Bxg7 Kxg7
16.Nxe4 fxe4 17.Ng5 Qxa4 18.Nxe4 Nc2 19.Nxd6 Nxe1 20.Rxe1 Qa5 21.Rf1 Qb6
22.Ne4 Bf5 23.Nc3 Qb4 24.Nd1 Rae8 25.e4 Bd7 26.Ne3 Qb6 27.f4 Qd6 28.f5 Kh8
29.h4 gxf5 30.exf5 e4 31.Kh2 Qe5 32.Qc3 h5 33.Qxe5+ Rxe5 34.Bh3 b5 35.g4 hxg4
36.Bxg4 bxc4 37.Kg3 Re7 38.Ra1 Bc8 39.Kf4 Rb7 40.Nxc4 e3 41.Nxe3 Rb4+ 42.Kf3 Rb3
43.Ra3 Bxf5 44.Bxf5 Rxf5+ 45.Ke4 Rxa3 46.bxa3 Rf8 47.Nc4 Kg7 48.d6 Kf7 49.Kd5 Ke8
50.Ne5 Kd8 51.Nc6+ Kd7 52.Ne5+ Kd8 53.Nc6+ Kd7 54.Ne5+  1/2-1/2

[Event "Open"]
[Site "Trinec CZE"]
[Date "2002.01.01"]
[Round "8"]
[White "Michenka,J"]
[Black "Kadziolka,B"]
[Result "1-0"]
[WhiteElo "2323"]
[BlackElo "2193"]

1.d4 f5 2.g3 Nf6 3.Bg2 g6 4.Nf3 Bg7 5.O-O O-O 6.c4 d6 7.Nc3 Nc6 8.d5 Na5
9.Nd2 c5 10.Qc2 e5 11.dxe6 Bxe6 12.Rd1 Nc6 13.e3 Qe7 14.a3 Rad8 15.b3 d5
16.cxd5 Nxd5 17.Bb2 Ne5 18.Ne2 b6 19.Nc4 Nxc4 20.Bxg7 Kxg7 21.bxc4 Nf6 22.Nf4 Bf7
23.Qc3 Kg8 24.h4 Rxd1+ 25.Rxd1 Rd8 26.Rxd8+ Qxd8 27.Bf3 Qd6 28.Qc2 Qd7 29.Kg2 Be6
30.Qc3 Qf7 31.Be2 Bd7 32.Qe5 Bc6+ 33.Kg1 Ne8 34.h5 g5 35.Ne6 h6 36.Nd8 Qd7
37.Nxc6 Qxc6 38.Qxf5 Ng7 39.Qe5 Qa4 40.Bf3 Qd7 41.Bd5+ Kh7 42.Qe4+ Kh8 43.Qg6  1-0

[Event "Unilog-Integrata IM"]
[Site "Griesheim GER"]
[Date "2002.01.24"]
[Round "2"]
[White "Krivoshey,S"]
[Black "Grabarczyk,B"]
[Result "1/2-1/2"]
[WhiteElo "2455"]
[BlackElo "2396"]

1.d4 f5 2.Nf3 Nf6 3.g3 g6 4.Bg2 Bg7 5.O-O O-O 6.c4 d6 7.Nc3 c6 8.d5 e5 9.dxe6 Bxe6
10.b3 h6 11.Bf4 d5 12.cxd5 Nxd5 13.Nxd5 Bxd5 14.Be5 Nd7 15.Bxg7 Kxg7 16.Qd4+ Qf6
17.Rfd1 Rfe8 18.Rd2 a5 19.Rc1 Re7 20.h4 Bf7 21.e3 Qxd4 22.Nxd4 Nf6 23.Bf3 h5
24.Ne2 Rd7 25.Rxd7 Nxd7 26.Nc3 Nb6 27.Rd1 Kf8  1/2-1/2

[Event "Unilog-Integrata IM"]
[Site "Griesheim GER"]
[Date "2002.01.30"]
[Round "8"]
[White "Boidman,Y"]
[Black "Grabarczyk,B"]
[Result "0-1"]
[WhiteElo "2432"]
[BlackElo "2396"]

1.d4 f5 2.g3 Nf6 3.Bg2 g6 4.Nf3 Bg7 5.O-O O-O 6.c4 d6 7.Nc3 e6 8.Bg5 Nbd7
9.e4 h6 10.Bxf6 Qxf6 11.Qb3 c6 12.exf5 exf5 13.Rad1 Qd8 14.Rfe1 Nf6 15.c5+ d5
16.Ne5 Kh7 17.Qc2 Qc7 18.b4 a6 19.a4 Bd7 20.b5 axb5 21.axb5 Ne4 22.b6 Qd8
23.f3 Nxc3 24.Qxc3 f4 25.Ra1 Rxa1 26.Qxa1 Bc8 27.Qc1 h5 28.Bf1 fxg3 29.hxg3 Bxe5
30.Rxe5 Rxf3 31.Qe1 Rf7 32.Re8 Qd7 33.Qe5 Rg7 34.Bd3 Qg4 35.Be2 Qf5 36.Qxf5 Bxf5
37.Kf2 Rf7 38.Ke3 Kg7 39.Bd1 Kf6 40.Ba4 Bd7 41.Rb8 Re7+ 42.Kf2 Bg4 43.Rf8+ Kg7
44.Ra8 g5 45.Kg2 Kf7 46.Rh8 Kg7 47.Ra8 Rf7 48.Ra7 Bc8 49.Ra8 Rf8 50.Ra7 Kf6
51.Bxc6 bxc6 52.Rc7 Kf5 53.Rxc6 Ba6 54.Kf3 g4+ 55.Ke3 Re8+ 56.Kf2 Ke4 57.Rh6 Kxd4
58.c6 Re2+ 59.Kg1 Rb2 60.b7 Bxb7 61.cxb7 Rxb7 62.Rxh5 Re7 63.Kf2 Kc4 64.Rf5 Re4
65.Rf8 d4 66.Ra8 Kb3 67.Rb8+ Kc3 68.Rc8+ Kd3 69.Ra8 Re2+ 70.Kf1 Rc2 71.Re8 Kd2
72.Kf2 d3 73.Re1 Rc8 74.Re7 Rf8+ 75.Kg2 Kc2 76.Rc7+ Kd1 77.Ra7 d2 78.Rc7 Rf3
79.Rc8 Ke2  0-1

[Event "FSGM February"]
[Site "Budapest HUN"]
[Date "2002.02.05"]
[Round "4"]
[White "Szeberenyi,A"]
[Black "Hoang Thanh Trang"]
[Result "1/2-1/2"]
[WhiteElo "2411"]
[BlackElo "2431"]

1.d4 f5 2.g3 Nf6 3.Bg2 g6 4.Nf3 Bg7 5.O-O O-O 6.c4 d6 7.Nc3 Qe8 8.Nd5 Nxd5
9.cxd5 Nd7 10.Ng5 Nb6 11.Qc2 h6 12.Ne6 Bxe6 13.dxe6 c6 14.e4 fxe4 15.Bxe4 Rf6
16.Re1 Kh8 17.Bg2 g5 18.Bd2 Qh5 19.Qd1 Qxd1 20.Raxd1 Raf8 21.Re2 Nc4 22.Bc3 d5
23.Bb4 Rg6 24.b3 Nd6 25.Bxd6 exd6 26.f4 gxf4 27.gxf4 Bf6 28.f5 Rg4 29.Kh1 Rxd4
30.Rxd4 Bxd4 31.Bf3 Bf6 32.Bh5 Be7 33.Bg6 Kg7 34.Kg2 Kf6 35.Kf3 b5 36.Rc2 c5
37.Rd2 c4 38.Rxd5 Rc8 39.bxc4 bxc4 40.Ke4 c3 41.Rd1 d5+ 42.Kd3 d4 43.Kc2 Bc5
44.Re1 Ba3 45.Rd1 Bc5 46.Re1 Ba3 47.Rd1  1/2-1/2

[Event "FSGM February"]
[Site "Budapest HUN"]
[Date "2002.02.09"]
[Round "8"]
[White "Horvath,P1"]
[Black "Hoang Thanh Trang"]
[Result "1-0"]
[WhiteElo "2478"]
[BlackElo "2431"]

1.d4 f5 2.c4 Nf6 3.Nf3 g6 4.g3 Bg7 5.Bg2 O-O 6.O-O d6 7.d5 Qe8 8.Nc3 a5 9.Be3 Na6
10.Qd2 Bd7 11.Bh6 Nc5 12.Bxg7 Kxg7 13.Nd4 Qf7 14.b3 e5 15.dxe6 Bxe6 16.Nd5 Bxd5
17.cxd5 Nxd5 18.Nxf5+ Qxf5 19.Bxd5 Rae8 20.Rad1 b6 21.a3 Qf6 22.Qc2 Re7 23.Rd2 Qe5
24.Rc1 Ne6 25.e3 c5 26.Rcd1 Nc7 27.Bc6 Rf6 28.Qc4 Ref7 29.a4 Qh5 30.f4 Re7
31.Qc3 Ne6 32.Kg2 g5 33.Bf3 g4 34.Bc6 Kf7 35.Kg1 Rh6 36.Bd5 Qf5 37.e4 Qf6
38.e5 dxe5 39.f5 Qxf5 40.Rf1 Qxf1+ 41.Kxf1 Rf6+ 42.Rf2 Rxf2+ 43.Kxf2 Kf6
44.Bxe6 Rxe6 45.Qc4 h5 46.Qd5 Re7 47.Ke3  1-0

[Event "TCh-FIN 2001-02"]
[Site "FIN"]
[Date "2002.02.16"]
[Round "7"]
[White "Vakeva,J"]
[Black "Halmeenmaki,T"]
[Result "1-0"]
[WhiteElo "2128"]
[BlackElo "2169"]

1.d4 f5 2.c4 g6 3.Nf3 Nf6 4.g3 Bg7 5.Bg2 O-O 6.O-O d6 7.Nc3 c6 8.Rb1 Ne4
9.Qc2 Qe8 10.b4 Nxc3 11.Qxc3 e5 12.dxe5 dxe5 13.Bb2 Nd7 14.c5 Qe7 15.Nd2 e4
16.Qb3+ Kh8 17.Bxg7+ Qxg7 18.Nc4 Nf6 19.Nd6 Nd5 20.Rfc1 Be6 21.Qb2 Rab8 22.b5 Bd7
23.a4 Qxb2 24.Rxb2 Kg7 25.Rb3 Rfd8 26.f3 exf3 27.Bxf3 Be6 28.Rcb1 cxb5 29.Rxb5 b6
30.R5b3 Kf6 31.e4 Ne7 32.R3b2 fxe4 33.Nxe4+ Ke5 34.Ng5 Bf5 35.Re1+ Kf6 36.Nxh7+ Kf7
37.Rbe2 Nd5 38.g4 Nc3 39.Re7+  1-0

[Event "ch-RUS Boys U20"]
[Site "Vladimir RUS"]
[Date "2002.03.02"]
[Round "2"]
[White "Zabotin,A"]
[Black "Kosintseva,N"]
[Result "0-1"]
[WhiteElo "2249"]
[BlackElo "2340"]

1.d4 f5 2.Nf3 Nf6 3.c4 g6 4.g3 Bg7 5.Bg2 O-O 6.O-O d6 7.b4 e5 8.e3 e4 9.Nfd2 d5
10.a4 Be6 11.cxd5 Nxd5 12.Ba3 Nd7 13.Nb3 b6 14.N1d2 N7f6 15.Qc2 Re8 16.b5 a6
17.bxa6 Rxa6 18.a5 Qa8 19.Nc4 Qc6 20.Rfc1 Rea8 21.Qb2 Qe8 22.axb6 cxb6 23.Bf1 R6a7
24.Nd6 Qd8 25.Nb5 Ra4 26.Nd2 g5 27.Bd6 f4 28.Rxa4 Rxa4 29.Qc2 Ra5 30.exf4 e3
31.fxe3 Rxb5 32.Bxb5 Qxd6 33.fxg5 Ng4 34.Nc4 Ndxe3 35.Nxd6 Nxc2 36.Rxc2  0-1

[Event "2nd HCC"]
[Site "Helsinki FIN"]
[Date "2002.03.03"]
[Round "6"]
[White "Lehikoinen,P"]
[Black "Keskinen,S"]
[Result "1-0"]
[WhiteElo "2229"]
[BlackElo "2292"]

1.d4 f5 2.g3 Nf6 3.Nf3 g6 4.Bg2 Bg7 5.O-O O-O 6.c4 d6 7.Nc3 Nc6 8.d5 Ne5
9.Nxe5 dxe5 10.Qb3 h6 11.c5 Kh8 12.Rd1 g5 13.Bd2 a6 14.Na4 Qe8 15.Ba5 f4
16.Bxc7 Qh5 17.Bxe5 Ng4 18.Bxg7+ Kxg7 19.h3 fxg3 20.fxg3 Nf2 21.g4 Bxg4 22.hxg4 Nxg4
23.Qg3 Rf4 24.Nc3 Raf8 25.Rf1 Nf2 26.d6 exd6 27.cxd6 g4 28.d7 Qc5 29.e3 Rf3
30.Bxf3 Rxf3 31.Qxf3 gxf3 32.Kxf2 Qd6 33.Rad1 Qh2+ 34.Kxf3 Qh5+ 35.Kg2 Qg4+
36.Kf2 Qh4+ 37.Ke2 Qg4+ 38.Rf3 Qg2+ 39.Kd3 Qg6+ 40.Kd2 Qg2+ 41.Ne2 Qg5 42.Rg3  1-0

[Event "2nd HCC"]
[Site "Helsinki FIN"]
[Date "2002.03.08"]
[Round "11"]
[White "Tella,J"]
[Black "Keskinen,S"]
[Result "1-0"]
[WhiteElo "2440"]
[BlackElo "2292"]

1.d4 f5 2.Nf3 Nf6 3.g3 g6 4.Bg2 Bg7 5.O-O O-O 6.c4 d6 7.Nc3 Nc6 8.b3 Ne4
9.Bb2 Nxc3 10.Bxc3 e5 11.dxe5 Qe8 12.Qd5+ Kh8 13.Rad1 dxe5 14.Qd2 Be6 15.Qb2 Bg8
16.Ne1 Rf7 17.Bxc6 bxc6 18.Nd3 Re7 19.e3 g5 20.f4 gxf4 21.exf4 e4 22.Bxg7+ Rxg7
23.Ne5 Be6 24.Qf2 h5 25.Rd2 h4 26.g4 Qe7 27.g5 Rd8 28.Qxh4+ Kg8 29.Rxd8+ Qxd8
30.Qh5 Qe7 31.Rd1 Rh7 32.Qe2 Rh3 33.Kh1 Qh7 34.Rd8+ Kg7 35.Qb2 Qh4 36.Nf3+  1-0

[Event "Supercom Cup"]
[Site "Bucharest ROM"]
[Date "2002.03.26"]
[Round "9"]
[White "Ionescu,Co"]
[Black "Grunberg,M"]
[Result "1/2-1/2"]
[WhiteElo "2481"]
[BlackElo "2463"]

1.d4 f5 2.g3 Nf6 3.Bg2 g6 4.Nf3 Bg7 5.O-O O-O 6.c4 d6 7.Nc3 c6 8.d5 e5 9.dxe6 Bxe6
10.Bf4 Bxc4 11.Bxd6 Re8  1/2-1/2

[Event "TCh-ISR"]
[Site "ISR"]
[Date "2002.04.12"]
[Round "8"]
[White "Boim,I"]
[Black "Grinshpun,E"]
[Result "0-1"]
[WhiteElo "2399"]
[BlackElo "2365"]

1.Nf3 f5 2.d4 Nf6 3.g3 g6 4.Bg2 Bg7 5.O-O O-O 6.c4 d6 7.Nc3 Nc6 8.d5 Ne5
9.Nxe5 dxe5 10.e4 f4 11.f3 g5 12.g4 h5 13.h3 Rf7 14.Rb1 a5 15.Rf2 Bf8 16.Na4 e6
17.Bf1 hxg4 18.hxg4 exd5 19.cxd5 Bd7 20.Kg2 b5 21.Nc3 Qe8 22.a4 bxa4 23.Bc4 Bd6
24.Qd3 Rh7 25.Bd2 Bxg4 26.fxg4 Nxg4 27.Rf3 Rh2+ 28.Kf1 Qh5 29.Ke1 Rf8 30.Rf1 Kg7
31.Bb5 Bc5 32.Qc4 Bf2+ 33.Rxf2 Rxf2 34.Qxc7+ Rf7 35.Qxe5+ Nxe5 36.Kxf2 Qh2+  0-1

[Event "Classics IMA"]
[Site "Gausdal NOR"]
[Date "2002.04.16"]
[Round "7"]
[White "Harestad,H"]
[Black "Johansson,Th"]
[Result "0-1"]
[WhiteElo "2186"]
[BlackElo "2241"]

1.d4 f5 2.g3 Nf6 3.Bg2 g6 4.Nf3 Bg7 5.O-O O-O 6.c4 d6 7.Nc3 Nc6 8.d5 Na5
9.Qd3 c5 10.b3 a6 11.Bb2 Rb8 12.Ng5 Qe8 13.Qd2 b5 14.cxb5 axb5 15.Ne6 Bxe6
16.dxe6 b4 17.Nd5 Nxd5 18.Bxg7 Kxg7 19.Bxd5 Nc6 20.a3 bxa3 21.Rxa3 Nd4 22.Ra7 Rf6
23.Qe3 f4 24.gxf4 Rxf4 25.Qd3 Qf8 26.f3 Rf5 27.Be4 Rg5+ 28.Kh1 Qf6 29.e3 Rxb3
30.Qd2 Nb5 31.Ra2 Nc3 32.Qc2 Rb4 33.Raa1 Rh5 34.Bc6 Nd5 35.Bxd5 Rb2 36.Qxb2 Qxb2
37.Ra7  0-1

[Event "ch-UKR w"]
[Site "Alushta UKR"]
[Date "2002.05.03"]
[Round "1"]
[White "Vasilevich,T"]
[Black "Mamonova,Y"]
[Result "1-0"]
[WhiteElo "2421"]
[BlackElo "2146"]

1.d4 f5 2.g3 Nf6 3.Bg2 g6 4.Nf3 Bg7 5.O-O O-O 6.c4 d6 7.Nc3 Qe8 8.d5 c6 9.Rb1 Na6
10.b4 Nc7 11.dxc6 bxc6 12.Nd4 Ne4 13.Nxe4 fxe4 14.Bxe4 d5 15.cxd5 cxd5 16.Bg2 e5
17.Nb3 Bf5 18.Rb2 Rb8 19.a3 Qf7 20.e4 Bxe4 21.Bxe4 dxe4 22.Nc5 Rbd8 23.Qb3 Nd5
24.Nxe4 Kh8 25.Bg5 Rd7 26.Rd2 h6 27.Rfd1 Nb6 28.Qxf7 Rdxf7 29.Be3 Nc4 30.Nd6 Nxd6
31.Rxd6 Rf6 32.Bxa7  1-0

[Event "Capablanca Mem Premier I"]
[Site "Havana CUB"]
[Date "2002.05.06"]
[Round "1"]
[White "Borges Mateos,J"]
[Black "Cacho Reigadas,S"]
[Result "1-0"]
[WhiteElo "2438"]
[BlackElo "2469"]

1.d4 f5 2.g3 Nf6 3.Bg2 g6 4.Nf3 Bg7 5.O-O O-O 6.c4 d6 7.Nc3 Qe8 8.d5 Na6
9.Re1 e5 10.dxe6 Qxe6 11.Nd5 Ne4 12.Qc2 c6 13.Nf4 Qe7 14.Be3 g5 15.Nd3 f4
16.gxf4 gxf4 17.Bxf4 Bf5 18.Rad1 Rae8 19.Qc1 Qf6 20.Be3 Bc8 21.h3 Nac5 22.Kh2 Ne6
23.Rg1 Kh8 24.h4 N4c5 25.b4 Nxd3 26.Rxd3 Nf4 27.Rd2 Qh6 28.Bf1 Rxe3 29.fxe3 Be5
30.exf4 Rxf4 31.Kg2 Rg4+ 32.Kf2 Bd4+ 33.Rxd4 Qxc1 34.Rdxg4 Bxg4 35.Rxg4 Qb2
36.b5 cxb5 37.cxb5 Qxb5 38.a4 Qc5+ 39.e3 Qc2+ 40.Be2 Qf5 41.Rf4 Qe6 42.Ng5 Qa2
43.Nf7+ Kg7 44.Nxd6 Qb2 45.h5 Qe5 46.h6+ Kg6  1-0

[Event "ch-URU"]
[Site "Montevideo URU"]
[Date "2002.05.12"]
[Round "7"]
[White "Riverol,J"]
[Black "Saralegui,M"]
[Result "1-0"]
[WhiteElo "2278"]
[BlackElo "2118"]

1.d4 f5 2.c4 Nf6 3.g3 g6 4.Bg2 Bg7 5.Nf3 O-O 6.O-O d6 7.Nc3 Nc6 8.d5 Ne5
9.Qb3 Nxf3+ 10.Bxf3 Nd7 11.Bg2 Ne5 12.h3 h6 13.f4 Nd7 14.Qc2 a5 15.Be3 Nf6
16.Rad1 Bd7 17.Bd4 Qc8 18.Kh2 c5 19.Bg1 Qe8 20.e4 fxe4 21.g4 b5 22.b3 bxc4
23.bxc4 Rb8 24.Rb1 Rb4 25.Nxe4 Qf7 26.a3 Rbb8 27.Be3 h5 28.Ng5 Qe8 29.Rxb8 Qxb8
30.Qxg6 hxg4 31.Ne6 Bxe6 32.dxe6 Qe8 33.Qxe8 Rxe8 34.Rb1 gxh3 35.Kxh3 Nh7
36.Bd2 Bf6 37.Bxa5 Kg7 38.Be4 Rh8 39.Kg4 Bd4 40.Bxh7 Rxh7 41.Be1  1-0

[Event "52nd ch-RUS w"]
[Site "Elista RUS"]
[Date "2002.05.13"]
[Round "4"]
[White "Khusnutdinova,L"]
[Black "Kharashkina,B"]
[Result "1/2-1/2"]
[WhiteElo "2250"]
[BlackElo "2193"]

1.d4 f5 2.g3 g6 3.Nf3 Nf6 4.Bg2 Bg7 5.O-O O-O 6.c4 d6 7.Nc3 c6 8.Rb1 Qe8
9.b4 e5 10.dxe5 dxe5 11.e4 f4 12.c5 h6 13.Qd6 Nh5 14.Ne2 g5 15.h3 fxg3 16.fxg3 Be6
17.Rb2 Qd7 18.Qxd7 Nxd7 19.g4 Nf4 20.Ng3 Nd3 21.Rd2 Nxb4 22.Rb2 Nd3 23.Rxb7 N3xc5
24.Rc7 Rfc8 25.Rxc8+ Rxc8 26.Be3 a5 27.Rf2 Na4 28.Rc2 Bf8 29.Nf5 Kh7 30.Nd2 Nab6
31.Kf2 c5 32.Bf1 c4 33.Nf3 Bc5 34.Bxc5 Rxc5 35.Nd6 a4 36.Rc3 Kg6 37.Nd2 h5
38.gxh5+ Kxh5 39.Be2+ Kg6 40.Kg3 Nf6 41.Bd3 Nh5+ 42.Kh2 Nf4 43.Bf1 Rc6 44.N6xc4 Kf6
45.a3 Bxc4  1/2-1/2

[Event "II Open"]
[Site "St Chely d'Aubrac FRA"]
[Date "2002.07.01"]
[Round "5"]
[White "Flear,G"]
[Black "Santo Roman,M"]
[Result "1/2-1/2"]
[WhiteElo "2530"]
[BlackElo "2417"]

1.d4 f5 2.g3 Nf6 3.Bg2 g6 4.Nf3 Bg7 5.O-O O-O 6.c4 d6 7.Nc3 Qe8 8.Nd5 Nxd5
9.cxd5 Qb5 10.Ng5 Na6 11.h4 c5 12.dxc6 bxc6 13.d5 c5 14.h5 h6 15.Ne6 Bxe6
16.dxe6 Rab8 17.hxg6 Qe8 18.e4 Qxg6 19.exf5 Qxf5 20.Qa4 Nb4 21.a3 Bd4 22.axb4 Bxf2+
23.Rxf2 Qxf2+ 24.Kh2 Rxb4 25.Qc6 Rb3 26.Bf4 Rxb2 27.Qe4 Rxf4 28.gxf4 Qh4+
29.Kg1 Qf2+ 30.Kh2 Qh4+ 31.Kg1 Qf2+  1/2-1/2

[Event "FSIMA July"]
[Site "Budapest HUN"]
[Date "2002.07.06"]
[Round "1"]
[White "Resika,N"]
[Black "Alfred,N"]
[Result "1/2-1/2"]
[WhiteElo "2276"]
[BlackElo "2249"]

1.d4 f5 2.c4 Nf6 3.g3 g6 4.Bg2 Bg7 5.Nf3 O-O 6.O-O d6 7.Nc3 c6 8.b3 Qa5 9.Bb2 e5
10.Qd2 Qc7 11.dxe5 dxe5 12.e4 Na6 13.exf5 Bxf5 14.Rad1 Rfe8 15.h3 Nc5 16.Qe3 Nd3
17.Ba1 Nb4 18.Bb2 Nd3 19.Ba1 Nb4 20.Bb2 Nd3 21.Ba1  1/2-1/2

[Event "Open"]
[Site "Oberwart AUT"]
[Date "2002.07.07"]
[Round "3"]
[White "Danner,G"]
[Black "Saleh,Nag"]
[Result "1-0"]
[WhiteElo "2369"]
[BlackElo "2256"]

1.d4 f5 2.g3 Nf6 3.Bg2 g6 4.Nf3 Bg7 5.O-O O-O 6.c4 d6 7.d5 e5 8.dxe6 Bxe6
9.Ng5 Bc8 10.Nc3 Qe7 11.c5 Nc6 12.cxd6 cxd6 13.Nh3 Be6 14.Bg5 h6 15.Bxf6 Qxf6
16.Nf4 Bf7 17.Qd2 Kh7 18.Rad1 Rad8 19.Nfd5 Qe5 20.Rfe1 g5 21.e3 Bh5 22.Rc1 Kh8
23.b4 Rd7 24.h3 Bg6 25.Kh2 Qe6 26.f4 Ne7 27.Bf3 Nxd5 28.Nxd5 Qg8 29.Rc2 Re8
30.Rec1 Bf7 31.Qd3 Bxd5 32.Bxd5 Qf8 33.fxg5 hxg5 34.Rf1 Re5 35.e4 f4 36.Rcf2 Bh6
37.Qf3 Rh7 38.Qg4 Qd8 39.Rc2 Rc7 40.Rfc1 Ree7 41.Bxb7 fxg3+ 42.Kxg3 Rxc2
43.Rxc2 Qb6 44.Qc8+ Kh7 45.Qf5+ Kg7 46.Bd5 Qg1+ 47.Rg2 Qe3+ 48.Kg4 Qf4+ 49.Qxf4 gxf4
50.Kh5+ Kh7 51.Bg8+ Kh8 52.Kxh6 f3 53.Rg6 Rxe4 54.Be6 Rh4+ 55.Kg5 f2 56.Rf6  1-0

[Event "XX Open"]
[Site "Andorra la Vella AND"]
[Date "2002.07.11"]
[Round "6"]
[White "Berkovich,M"]
[Black "De la Riva Aguado,O"]
[Result "1/2-1/2"]
[WhiteElo "2407"]
[BlackElo "2522"]

1.Nf3 g6 2.d4 Bg7 3.g3 f5 4.Bg2 Nf6 5.O-O O-O 6.c4 d6 7.Nc3 Nc6 8.d5 Ne5
9.Qb3 h6 10.Nd4 a6 11.e4 Qe8 12.exf5 gxf5 13.Nce2 c5 14.dxc6 Nxc6 15.Be3 Kh8
16.Rad1 Nd8 17.Nf3 Ng4 18.Nh4  1/2-1/2

[Event "US Junior"]
[Site "Dallas USA"]
[Date "2002.07.21"]
[Round "6"]
[White "Zaremba,An"]
[Black "Pixton,A"]
[Result "0-1"]
[WhiteElo "2321"]
[BlackElo "2432"]

1.d4 f5 2.Nf3 Nf6 3.g3 g6 4.Bg2 Bg7 5.O-O O-O 6.c4 d6 7.Nc3 Qe8 8.Nd5 Nxd5
9.cxd5 Nd7 10.Ng5 Nb6 11.a4 c6 12.dxc6 bxc6 13.d5 c5 14.Ne6 Bxe6 15.dxe6 Rb8
16.Qc2 Qc8 17.Rd1 Kh8 18.a5 Na8 19.h4 Nc7 20.h5 gxh5 21.Ra4 Nxe6 22.e3 Qe8
23.Rh4 Bf6 24.Rh2 Qg6 25.Qc4 Ng7 26.Qa6 Bxb2 27.Qxa7 Qg4 28.Rf1 Bf6 29.a6 Qa4
30.Bb7 Qb5 31.e4 fxe4 32.Bxe4 Qb6 33.Qxb6 Rxb6 34.a7 Ra6 35.a8=Q Raxa8 36.Bxa8 Rxa8
37.Bh6 c4 38.Bxg7+ Kxg7 39.Rxh5 c3 40.Rc1 e6 41.Rc2 Ra1+ 42.Kg2 d5 43.Kf3 d4
44.Ke2 e5 45.f3 Rg1 46.g4 Rg2+ 47.Kd3 e4+ 48.fxe4 Rg3+ 49.Kc4 d3 50.Rxc3 d2
51.Rxg3 d1=Q 52.Rgh3 Qa4+ 53.Kc5 Qxe4 54.Rxh7+ Kg6 55.R7h5 Qxg4 56.Kb5 Kf7
57.Rh7+ Ke6 58.Re3+ Kd5 59.Rc7 Kd6 60.Rc6+ Kd7 61.Rce6 Qd4 62.R3e4 Qb2+ 63.Kc4 Qc3+
64.Kd5 Qa3 65.Kc4 Bd8 66.R6e5 Qc1+ 67.Kb4 Qb2+ 68.Kc4 Qc2+ 69.Kb4 Bc7 70.Re7+ Kd6
71.R4e5 Bb6 72.R7e6+ Kc7 73.Re7+ Kc6 74.R7e6+ Kb7 75.Re7+ Ka6 76.R7e6 Qd3
77.Re4 Qb5+ 78.Kc3 Qc5+ 79.Kb3 Qd5+ 80.Kc3 Ka5 81.Kc2 Bd4 82.Re8 Kb5 83.Rb8+ Ka4
84.Rbe8 Ka3 85.R8e6 Kb4 86.Re8 Qb3+ 87.Kd2 Kc4 88.Rc8+ Kd5 89.Rce8 Qf3 90.R8e7 Qf2+
91.Kd3 Qf1+ 92.Kd2 Bf6 93.Re8 Bg5+ 94.Kc2 Qc1+ 95.Kb3 Bf6 96.Re2 Qb1+ 97.Ka3 Bd4
98.Rd8+ Kc4 99.Rc2+ Kd3 100.Rdc8 Qb5 101.R2c6 Bb2+ 102.Ka2 Qb4 103.Ra8 Bc3
104.Rd8+ Kc2  0-1

[Event "US Junior"]
[Site "Dallas USA"]
[Date "2002.07.21"]
[Round "6"]
[White "Siegel,N"]
[Black "Wang,P"]
[Result "1/2-1/2"]
[WhiteElo "2239"]
[BlackElo "2306"]

1.d4 f5 2.c4 Nf6 3.Nf3 g6 4.g3 Bg7 5.Bg2 O-O 6.O-O d6 7.Nc3 Qe8 8.Nd5 Na6
9.Nxf6+ Bxf6 10.Bh6 Bg7 11.Bxg7 Kxg7 12.d5 e5 13.dxe6 Qxe6 14.Rc1 Qf6 15.Qd4 Bd7
16.Rfd1 Bc6 17.a3 Nc5 18.b4 Ne6 19.Qxf6+ Kxf6 20.e3 Be4 21.Nd4 Bxg2 22.Kxg2 a5
23.b5 Nc5 24.Ne2 Ke7 25.Nf4 Rac8 26.h4 b6 27.Kf3 Kd7 28.Nd3 Nxd3 29.Rxd3 Ke6
30.Rcd1 Rce8 31.Rd4 Kf6 32.R1d3 Re5 33.g4 Ke6 34.g5 h6 35.Kg3 hxg5 36.hxg5 Rh8
37.f4 Rc5 38.Rd1 Kf7 39.Re1 Re8 40.Kg2 Re4 41.Rxe4 fxe4 42.Kg3 Rxc4 43.Rh1 Rc3
44.Kg4 Rxe3 45.Rh7+ Kg8 46.Rxc7 Re1 47.f5 Rg1+ 48.Kf4 Rf1+ 49.Kxe4 Rxf5 50.a4 Rxg5
51.Rd7 Rg4+ 52.Kd5 Rxa4 53.Kc6 Rb4 54.Kxb6 a4 55.Ka5 Rb1 56.Kxa4 Kf8 57.Ka5 Ke8
58.Rg7 Kd8 59.Kb6 Kc8 60.Rxg6 Kd7 61.Ka6 Kc7 62.Rg7+ Kc8 63.Rg6 Rb2 64.Rxd6 Rb1
65.Rd5 Ra1+ 66.Kb6 Rb1 67.Rc5+ Kb8 68.Rh5 Kc8 69.Rh8+ Kd7 70.Ka6 Kc7 71.Rh7+ Kc8
72.Kb6 Rb2 73.Rh8+ Kd7 74.Ra8 Rb1 75.Ra5 Kc8 76.Ra8+ Kd7 77.Ra2 Kc8 78.Rc2+ Kb8
79.Kc6 Rh1 80.Kb6 Rb1 81.Rh2 Kc8 82.Rh7 Rb2 83.Rh6 Rb1 84.Ka6 Ra1+ 85.Kb6 Rb1
86.Kc6 Rc1+ 87.Kb6 Rb1 88.Rh8+ Kd7 89.Ka6 Kc7 90.Rh7+ Kc8 91.Rh5 Ra1+ 92.Kb6 Rb1
93.Rc5+ Kb8 94.Kc6 Ra1 95.b6 Rb1 96.Rc2 Rb3 97.Rc1 Rb2 98.Rc5 Rb1 99.Rh5 Rc1+
100.Kb5 Rb1+ 101.Ka6 Ra1+ 102.Ra5 Rxa5+ 103.Kxa5 Kb7 104.Kb5 Kb8  1/2-1/2

[Event "XVIII Open"]
[Site "Ferrol ESP"]
[Date "2002.07.22"]
[Round "6"]
[White "Diaz Nunez,A"]
[Black "Permuy Lorenzo,C"]
[Result "0-1"]
[WhiteElo "2146"]
[BlackElo "2300"]

1.Nf3 g6 2.c4 Bg7 3.d4 f5 4.g3 Nf6 5.Bg2 O-O 6.O-O d6 7.Nc3 c6 8.Qc2 Na6
9.a3 Kh8 10.Rd1 Qe8 11.Re1 Qf7 12.b3 h6 13.Ra2 g5 14.e4 fxe4 15.Nxe4 Bg4
16.Re3 Qh5 17.Qd3 Nxe4 18.Qxe4 Bf5 19.Qxe7 Rf7 20.Qxd6 Rd7 21.g4 Bxg4 22.Qg3 Rf8
23.Rd2 Rf4 24.Rde2 Rdf7 25.Re8+ Kh7 26.Bxf4 gxf4 27.Qh4 Bxf3 28.Bxf3 Qxf3
29.R2e7 Qd1+ 30.Re1 Qxd4 31.Qh5 Qf6 32.Kh1 Qg6 33.Qf3 Nc5 34.b4 Nd7 35.R8e7 Rxe7
36.Rxe7 Qb1+ 37.Kg2 Qf5 38.Re4 Be5 39.Qe2 Nf6 40.f3 Nxe4  0-1

[Event "24th Politiken Cup"]
[Site "Copenhagen DEN"]
[Date "2002.07.24"]
[Round "9"]
[White "Borvander,T"]
[Black "Tozer,R"]
[Result "0-1"]
[WhiteElo "2166"]
[BlackElo "2312"]

1.d4 f5 2.c4 Nf6 3.g3 g6 4.Bg2 Bg7 5.Nf3 O-O 6.O-O d6 7.Nc3 Qe8 8.d5 Na6
9.Rb1 c6 10.Nd4 Bd7 11.b3 Nc7 12.Bb2 c5 13.Nc2 b5 14.cxb5 Nxb5 15.Nxb5 Bxb5
16.Ne3 a5 17.a4 Ba6 18.Qd2 Qd7 19.Bc3 f4 20.gxf4 Nh5 21.Bxg7 Nxg7 22.f5 Nxf5
23.Bh3 Qe8 24.Bxf5 gxf5 25.Ng2 Qh5 26.Nf4 Qh4 27.Kh1 Rf6 28.Rg1+ Kf7 29.Rg3 Rg8
30.Rxg8 Kxg8 31.Rg1+ Kf7 32.Rg3 Rh6 33.h3 Qf6 34.Kg2 Qd4 35.Qxd4 cxd4 36.Kf3 Bb7
37.e4 fxe4+ 38.Kxe4 e5 39.Nd3 Rh4+ 40.f4 Kf6 41.Rg4 Rxh3 42.fxe5+ dxe5 43.Nxe5 Re3+
44.Kxd4 Rxe5 45.Rh4 Rxd5+ 46.Kc4 h5  0-1